000 01331nam a2200313 a 4500
999 _c803
_d803
001 017605444
003 UkOxU
005 20191218093416.0
008 071121r20081940enk 000 1 eng d
015 _aGBA7A1271
_2bnb
020 _a9780008164966
035 _a(IeDuTC)b129605918
035 _a(UkLCURL)08b129605918
038 _aUk
040 _aStDuBDS
_beng
_cStDuBDS
049 _lb
082 _aFIC CHR
100 1 _aChristie, Agatha,
_d1890-1976.
_eauthor
245 1 0 _aOne, two, buckle my shoe /
_cAgatha Christie.
260 _aLondon :
_bHarperCollins,
_c2016.
300 _a241 p. ;
_c20 cm.
440 _aPoirot
500 _aOriginally published: London: Collins, 1940.
520 _aThirteen guests gather for drinks at actor Charles Cartwright?s seaside escape. Benign Reverend Babbington, who rarely imbibes, takes one sip of his beverage and keels over dead. Soon after Sir Bartholomew Strange convenes the same party and meets his own end after swallowing port. One death could be natural, but two mean murder. Hercule Poirot, who was present at both affairs, stages a third soirée to catch the cocktail killer.
600 1 0 _aPoirot, Hercule
_c(Fictitious character)
_vFiction.
650 _aPrivate investigators
_xFiction
_zEngland
655 0 _aDetective and mystery stories.
942 _2ddc
_cFIC